000 00508nam a2200193 a 4500
001 1771665203006
003 YourLibrary
005 20260221144453.0
008 260221s2000##################000#0#eng##
020 _a9780444504715
082 0 4 _a338.433621
_bCUL.1B
100 1 _aCulyer, A J.,
_eauthor.
245 1 0 _aHandbook of Health Economics :
260 _bElsevier,
_c2000.
300 _a1138 pages
650 0 _aBusiness & Economics.
942 _cENGLISH
040 _aYourLibrary
_beng
_cYourLibrary
999 _c615165
_d615165